01360nam a22003374a 4500001001200000003000800012006001900020007001500039008004100054010001700095020001500112040002100127035002000148050002400168082001800192100002100210245012600231260005900357300001400416504005100430533015200481650003800633650003700671650004200708650004200750650003900792655002900831710001700860856012600877999001901003ebr10048206CaPaEBRm u cr cn|||||||||020605s2002 mou sb s001 0 eng  z 2002075241 z0826214177 aCaPaEBRcCaPaEBR a(OCoLC)5566396214aJK1726b.G67 2002eb04a305/.09732211 aGottfried, Paul.10aMulticulturalism and the politics of guilth[electronic resource] :btoward a secular theocracy /cPaul Edward Gottfried. aColumbia, Mo. :bUniversity of Missouri Press,cc2002. ax, 158 p. aIncludes bibliographical references and index. aElectronic reproduction.bPalo Alto, Calif. :cebrary,d2013.nAvailable via World Wide Web.nAccess may be limited to ebrary affiliated libraries. 0aPolitical culturezUnited States. 0aMulticulturalismzUnited States. 0aBehavior modificationzUnited States. 0aPolitical correctnesszUnited States. 0aCultural pluralismzUnited States. 7aElectronic books.2local2 aebrary, Inc.40uhttp://site.ebrary.com/lib/rucke/Doc?id=10048206zAn electronic book accessible through the World Wide Web; click to view c180621d180621